An introduction to the development of private building estates and town planning (Record no. 105753)

MARC details
000 -LEADER
fixed length control field 01474cam a2200205 4500
001 - CONTROL NUMBER
control field ##L134639
008 - FIXED-LENGTH DATA ELEMENTS--GENERAL INFORMATION
fixed length control field 060821n1926 000 0 eng u
035 ## - SYSTEM CONTROL NUMBER
System control number (Sirsi) u134639
041 0# - LANGUAGE CODE
Language code of text/sound track or separate title eng
050 04 - LIBRARY OF CONGRESS CALL NUMBER
Classification number 333.33 $2 18
100 1# - MAIN ENTRY--PERSONAL NAME
Personal name Howkins, F.
245 03 - TITLE STATEMENT
Title An introduction to the development of private building estates and town planning
260 ## - PUBLICATION, DISTRIBUTION, ETC.
Place of publication, distribution, etc. London
Name of publisher, distributor, etc. Estates Gazette Ltd
Date of publication, distribution, etc. 1926
300 ## - PHYSICAL DESCRIPTION
Extent xv, 368p.
Accompanying material [OBSOLETE, CAN/MARC] iagrams.
Dimensions 22cm.
520 ## - SUMMARY, ETC.
Summary, etc. Discusses the causes which operate for and against the development of building estates; the maturity of land and land values; choice of a building estate; acquisition of freehold and leasehold building estates; statutes affecting the development of building estates; registration of title; outgoings; easements; boundaries and their adjustment; the diversion and stopping-up of highways; use of maps and plans; the Town Planning Act and its effect upon building estates; the estate plan and sections; schemes of development; the design and making of roads and sewers; the making up and taking over of private streets; gas, water and electricity supplies; disposal of the estate; preparation of conveyance, lease and auction sale plans; general management of a building estate; estimation of profits; valuation of profits; losses; uneconomic schemes.
650 24 - SUBJECT ADDED ENTRY--TOPICAL TERM
Topical term or geographic name entry element TOWN PLANNING ACT 1925
651 #4 - SUBJECT ADDED ENTRY--GEOGRAPHIC NAME
Geographic name England and Wales
Chronological subdivision 1543-
690 ## - LOCAL SUBJECT ADDED ENTRY--TOPICAL TERM (OCLC, RLIN)
Topical term or geographic name as entry element PROPERTY-RESIDENTIAL PROPERTY-RESIDENTIAL PROPERTY DEVELOPMENT
942 ## - ADDED ENTRY ELEMENTS (KOHA)
Suppress in OPAC 0
Holdings
Withdrawn status Lost status Source of classification or shelving scheme Damaged status Not for loan Home library Current library Shelving location Date acquired Total Checkouts Full call number Barcode Date last seen Copy number Price effective from Koha item type
    Dewey Decimal Classification     London London Basement 21/08/2006   SHELF 330 30072355 06/08/2019 1 06/08/2019 Reference material